| 000 | 01004nas a2200325 4500 | ||
|---|---|---|---|
| 001 | BR2019001075 | ||
| 003 | BR-BrBNA | ||
| 005 | 20231205131703.0 | ||
| 007 | ta | ||
| 008 | 230509b bl.|||p| |||| 00| 00por d | ||
| 040 |
_aBR-BrBNA _bpor _cBiblioteca Nacional de Agricultura |
||
| 041 | _a(Pt) | ||
| 072 | _aF50 | ||
| 100 | 1 | _aSá, S.F. de | |
| 100 | 1 | _aConceição, L.D.H.C.S. da | |
| 100 | 1 | _aRinaldi, M.M. | |
| 100 | 1 | _aBraga, M.F. | |
| 100 | 1 | _aJunqueira, N.T.V. | |
| 245 | 1 | _aCaracterização físico-oleífera de frutos de genótipos de macaúba conservados em banco de germoplasma | |
| 650 | _aACROCOMIA ACULEATA | ||
| 650 | _aMACAÚBA | ||
| 650 | _aÓLEO VEGETAL | ||
| 650 | _aGENÉTICA | ||
| 650 | _aCARACTERÍSTICAS AGRONÔMICAS | ||
| 650 | _aPERICARPO | ||
| 773 | 0 |
_tAgrotrópica (Brazil) _xISSN 0103-3816 _g(Jan-Apr 2019), v. 31(1) p. 37-44 _wBR2019001075 |
|
| 856 | 4 | 0 | _dLink DSPACE/MAPA BR2019001075 |
| 909 |
_a202311 _bLúcia _c55 _dLúcia Elande |
||
| 942 |
_2AGRIS _n0 _cANA |
||
| 999 |
_c256126 _d256126 |
||